000 03109nam0a2200373 4500
001 RU\NLR\BIBL_A\016237404
005 20250625004801.0
010 _a978-5-8333-1165-3
_9550
021 _aRU
_b2022-83781
_9КН-П-7388
035 _a(RuMoRGB)011411225
035 _a(NLR Aleph) 016237404
090 _a12786688
_c12786688
100 _a20221214d2022 |||y0rusy50 ca
101 0 _arus
102 _aRU
105 _ay j 000zy
181 0 _ai
_baxxe
182 0 _an
200 1 _aБухгалтерский учет и анализ
_eучебное пособие
_eдля бакалавров, обучающихся по направлению подготовки 38.03.01 "Экономика"
_fЮ. Н. Галицкая, М. С. Рыбянцева
_gМинистерство науки и высшего образования Российской Федерации, Федеральное государственное бюджетное образовательное учреждение высшего образования "Кубанский государственный технологический университет"
203 _aТекст
_bвизуальный
_cнепосредственный
210 _aКраснодар
_cКубанский государственный технологический университет
_d2022
215 _a183 с.
_cтабл.
_d21
320 _aБиблиогр.: с. 162-164 (38 назв.)
330 _aПредставлены теоретические основы, вопросы для самопроверки, практические и тестовые задания. Приведены варианты практических и тестовых заданий по каждой главе. Предназначено для бакалавров, обучающихся по направлению подготовки 38.03.01 "Экономика". Также может быть использовано студентами бакалавриата и магистратуры экономических направлений, специалистами-практиками и слушателями курсов повышения квалификации и переподготовки
606 1 _aБухгалтерский учет
_jУчебные издания для высших учебных заведений
_yРоссийская Федерация
_92073607
_3RU\NLR\AUTH\661248526
606 1 _aЭкономический анализ
_jУчебные издания для высших учебных заведений
_yРоссийская Федерация
_92362515
_3RU\NLR\AUTH\661410670
686 1 _aУ052.9(2)2(2Р)я73
686 1 _aУ053.9(2Р)я73
700 1 _aГалицкая
_bЮ. Н.
_cканд. экон. наук
_gЮлия Николаевна
_9186794
_3RU\NLR\AUTH\770186845
701 1 _aРыбянцева
_bМ. С.
_gМария Сергеевна
942 _cBOOK
980 _aNB